000 00913nam a22002417a 4500
003 LK-CoMWRAF
005 20240105004724.0
008 240105b2015 |||||||| |||| 00| 0 eng d
020 _a9789555801720
040 _aLK-CoMWRAF
_dLK-CoMWRAF
_eLK-CoMWRAF
041 _aeng
082 _a303.6
_bINT
110 _a International Centre for Ethnic Studies
245 _a Picturing coexistence and conflict :
_b learning about the other through grassroots comics
260 _a Colombo:
_bInternational Centre for Ethnic Studies,
_c2015
300 _a 54 p. : chiefly ill. ; 30 cm
650 _aEthnic conflict-Galle District-Sri Lanka-Comic books,strips
650 _aReligious discrimination
650 _aReligious tolerance
710 _aWorld Comics India
856 _uhttps://www.sitesofconscience.org/wp-content/uploads/2016/08/ICES-Picturing-Coexistence-and-Conflict-FINAL-WEB-PDF.pdf
942 _cBK
999 _c4585
_d4585